000 00372nam a2200145Ia 4500
008 230711s9999||||xx |||||||||||||| ||und||
041 _aENG
082 _a658
_bHO-M
100 _aHodgetts,K
245 0 _aManagement : theory,process and practice
250 _a1st
260 _c1985
_aNew Delhi
_bISTE Learing Material
650 _aUNIVESITY BUSNIESS SCHOOL
942 _cBK
999 _c1663
_d1663